LEADER 00993nam0-2200313 --450 001 9911068123903321 005 20260317134515.0 010 $a978-88-16-40800-5 100 $a20260317d2007----kmuy0itay5050 ba 101 1 $aita$crus 102 $aIT 105 $a 001yy 200 1 $a<>senso delle icone$fLeonid Uspenskij, Vladimir Losskij 210 $aVicenza$cGallerie di Palazzo Leoni Montanari$aMilano$cJaca Book$d2007 215 $aIX, 225 p., [32] c. di tav.$cill.$d24 cm 225 1 $aDi fronte e attraverso$v800 225 1 $aGuardando ad Oriente 300 $aTrad. di Maria Grazia Balzarini. 610 0 $aIcone russe$aEsposizioni$a1988-1989 676 $a246.53$v20 700 1$aUspenskij,$bLéonide$01896976 701 1$aLossky,$bVladimir$0188264 801 0$aIT$bUNINA$gREICAT$2UNIMARC 901 $aBK 912 $a9911068123903321 952 $a704.948 USPL 01$b2026/733$fFLFBC 959 $aFLFBC 996 $aSenso delle icone$94551952 997 $aUNINA